02168 a2200193 45000010006000000050017000060080041000230030015000640400040000790800120001192450106002392500012003452640045003573000019004025051427004210410008018481000019018568560099018755291820260407155803.0260407a1973 arg spa dAR-UNSa-BCEJYS aAR-UNSa-BCEJYSbspacAR-UNSa-BCEJYS a330(8)xEconomía de América del Sur. Estados y Regiones de América del Sur. América Latina. Iberoamérica 10aLa economía latinoamericanapuna sintesis desde la conquista Ibérica hasta la revolución cubana a3a. ed. 1aSantiago de Chile :bUniversitariac1973 a311 p.c23 cm. a1. Introducción, cuadro físico y evolución demográfica - 2. Bases económicas y sociales de la ocupación territorial - 3. La primera mitad del siglo XIX - 4. La transformación del comercio internacional en la segunda mitad del siglo XIX y sus efectos en América Latina - 5. La reorientación de la economía internacional en el siglo actual - 6. Algunos indicadores del grado de desarrollo alcanzado en América Latina - 7. Características de las estructuras agrarias - 8. Distribución y uilización de del ingreso social - 9. Los sistemas monetarios y cambiarios - 10. El proceso de industrialización: primera parte - 11. El proceso de industrialización:sustitución de importaciones - 12. Los desequilibrios provocados por la industrtialización sustitutiva de importaciones: la inflación estructural - 13. evolución de las estructuras macroeconómicas - 14. El sector agropecuario - 15. El sector industrial - 16. Declinación en la tasa de crecimiento - 17. Las formas tradiconales de la dependencia externa - 18. Las nuevas formas de dependencia externa - 19. En busca de la reestructuración de la economía internacional - 20. El proceso de integración en América Central - 21. La ALALC y el Grupo Andino - 22. Ensayos de planificación económica - 23. Las reformas agrarias - 24. Aspectos económicos de la revolución Cubana - 25. Tendencias actuales y perspectivas aspa1 aFurtado, Celso41uhttps://www.biblioeco.unsa.edu.ar/pmb/images/libros/L128355.jpgyImagen de portadaqimage/jpeg